Descartes: his moral philosophy and psychology

Sábháilte in:
Sonraí bibleagrafaíochta
Príomhchruthaitheoir: Blom, John J (Údar)
Formáid: LEABHAR
Teanga:Fraincis
Foilsithe / Cruthaithe: Nueva York New York University 1978
Ábhair:
Clibeanna: Cuir clib leis
Níl clibeanna ann, Bí ar an gcéad duine le clib a chur leis an taifead seo!

MARC

LEADER 00000nam a2200000 a 4500
001 UCZ4700
003 CL-VaPUC
008 951110e19780000US |||||||||||||||||fre|d
082 0 4 |a 170  |b BLO  |2 21 
100 0 |a Blom, John J  |e author  |9 348710 
245 1 0 |a Descartes: his moral philosophy and psychology 
300 |a 288 p 
942 |c BK 
945 |d 19951110 00:00:00  |a lriquelm 
260 |a Nueva York  |b New York University  |c 1978 
600 0 |a Descartes, René  |e autor  |9 265906 
650 0 |a Ética  |9 255099 
650 0 |a Conceptos morales   |9 310606 
650 0 |a Filosofía francesa   |9 255698 
650 0 |a Psicología   |9 257863 
650 0 |a Correspondencia  |9 258963 
583 |a last modification  |c 19951110 00:00:00  |k Rodrigo Vera 
999 |c 241067  |d 241065 
952 |0 0  |1 0  |4 0  |6 170_000000000000000_BLO_1978  |7 0  |8 P  |9 253217  |a BIBEDU  |b BIBEDU  |c BIBEDU_PB  |d 2019-11-19  |i 1597469  |o 170 BLO 1978  |p 1597469  |r 2024-01-25  |w 2019-11-19  |y BK  |k FIL